[路線図付き] 京都市営地下鉄 東西線 駅名穴埋めクイズ - Statistics

General Stats
  • This quiz has been taken 690 times
  • The average score is 12 of 17
Answers on the Map
Answers color-coded by a green-red scale on the quiz's map according to % correct below.
 
Answer Stats
Answer % Correct
東西線 T07 山科
90%
東西線 T15 二条
89%
東西線 T13 烏丸御池
89%
東西線 T01 六地蔵
88%
東西線 T17 太秦天神川
86%
東西線 T11 三条京阪
83%
東西線 T12 京都市役所前
80%
東西線 T08 御陵
79%
東西線 T14 二条城前
75%
東西線 T09 蹴上
75%
東西線 T10 東山
68%
東西線 T03 醍醐
61%
東西線 T16 西大路御池
59%
東西線 T04 小野
53%
東西線 T06 東野
52%
東西線 T05 椥辻
52%
東西線 T02 石田
50%
No matching quizzes found
Score Distribution
Percent of People with Each Score
Percentile by Number Answered
Your Score History
You have not taken this quiz